00904cam a22002417a 4500040000800000082002600008100001700034245006000051246004800111246004100159260006900200300004000269500004000309500002200349500002600371500002400397650002500421710001500446710004500461942001000506999001700516952012900533 cWIH00a333 WIS 2002 C159 Or.1 aJirsa, Rick.14aThe state of the headwaters river basins :b[a report /14aHeadwaters basin integrated management plan17aHeadwaters state of the basin report a[Madison, Wis.] :bWisconsin Dept. of Natural Resources,c[2002] axvii, 259 p. :bcol. maps ;c28 cm. a"Primary author: Rick Jirsa"--P. v. a"December, 2002." aWis. depository item. a"PUBL WT 662 2002." 0aWatershed management1 aWisconsin.2 aHeadwaters Basin Partnership Team (Wis.) cAEDBB c19042d19042 0010406333_000000000000000_WIS_2002_C159_OR70983791aLBCbLBCd2020-03-03eA34002o333 WIS 2002 C159 Or.r2020-03-03yEK